01279njm a2200241Ia 450000100060000000300090000600500170001500800410003204000130007304000130008610000110009910000180011010000380012824500270016625000110019326000110020426000580021530000100027330000290028350001170031250505600042965000480098966277IT-RoPAU20220918181121.0131025s9999 xx 000 0 und d aIT-RoPAU cIT-RoPAU aAA.VV. eAutore musica gCodice autore musica SPICS: 12000 aEffetti sonori vol. 10 a1a ed. aMILANO bSCIASCIAc1974 [1a Ed.:1974 - Ed. Lingua Orig.: 1974] aDISCO c28 minuti (Testo: pag.) aModerna collezione di effetti sonori per uso industriale, radio, tv, cinema, teatro, pubblicità e cineamatori. aCalcio (incontro allo stadio di San Siro a Milano) - Orologio a pendolo che scandisce le ore - Auto lavaggio automatico - Distributore di benzina - Grassaggio manuale - Orologio sveglia suoneria - Folla applausi ad un concerto pop - Applausi e uscita pubblico dal teatro quartiere - Mare onde sulla ghiaia - Spiaggia con bagnanti - Mare mosso - Officina meccanica, torni, trapani, mole - Mola per metalli - Compressore d'aria nella fase di stacco - Telegrafo Tennis - Calcio - Impastatrice di cemento - Mucche nella fattoria - Pollaio - Maiali nel porcile aRUMORI [DISCHI]eCodice MATERIA SPICS: 9950